Tvorba a redukcia úrodotvorných prvkov jarného jačmeňa pri rôznej organizácii porastov

Podrobná bibliografia
Hlavný autor: Krausko, Andrej, 1928-2005 (Autor)
Médium: Článok
Jazyk:slovenčina
Fyzický popis:Tb. 4. Res. angl., rus., lit. 8 zázn.
Predmet:

MARC

LEADER 00000nab a2200000 a 4500
001 vtls000388079
003 SK-MaSNL
005 20260303202717.0
008 140701c1988 xo 0 slo
015 |a SNBRA19rr/mm-uuuuu 
035 |a CL0388203 
040 |a SNKBUCL  |b slo  |c SNKBUCL  |e AACR2 
041 0 |a slo 
044 |a xo  |c SK 
080 |a 633.16:631.547.5  |2 1981 
080 |a 631.547.5  |2 1981 
100 1 |a Krausko, Andrej,  |d 1928-2005  |4 aut  |9 5376 
245 1 0 |a Tvorba a redukcia úrodotvorných prvkov jarného jačmeňa pri rôznej organizácii porastov  |c A. Krausko 
300 |b Tb. 4. Res. angl., rus., lit. 8 zázn. 
650 0 7 |a jarný jačmeň  |2 snkbucl  |9 71520 
650 0 7 |a úrodnosť pôdy  |2 snkbucl  |9 106220 
655 7 |a články zo zborníkov  |2 snkbucl  |9 166140 
773 0 |t Acta fytotechnica 44  |d Bratislava : Príroda, 1988  |g S. 65-83 
850 |a Slovenská národná knižnica v Martine  |a MTA001 
852 |a SNK  |b KIS3GCP 
958 |a RK 
992 |a RZB 
999 |c 2181313  |d 2183243